International yearbook of industrial statistics 2010.

Bibliographic Details
Corporate Author: United Nations Industrial Development Organization (UNIDO)
Format: Book
Published: Cheltenham: Edward Elgar Publishing, 2010.
Subjects:
LEADER 00495cam a2200145 7i4500
001 0000025936
005 20110411090000.0
020 0 0 |a 978-1-84980-089-1  
090 0 0 |a STAT 338.06   |b UNI 
110 2 0 |a United Nations Industrial Development Organization (UNIDO) 
245 2 0 |a International yearbook of industrial statistics 2010. 
260 0 0 |a Cheltenham:   |b Edward Elgar Publishing,   |c 2010. 
300 # # |a 724 p. 
650 0 0 |a Industrial --   |x Statistics  
999 |a B000028357  |b Book  |c Countries  |e Business Information Centre